Úverovanie poľnohospodárstva
Úver ako významný zdroj získavania finančných prostriedkov na agropodnikanie. Opatrenia na pomoc poľnohospodárstvu na Slovensku a vo svete. Centralizácia podpory poľnohospodárstva zo štátnych fondov. Úloha Štátneho fondu trhovej regulácie. Vládne financovanie investícií do poľnohospodárstva a potrav...
Saved in:
| Main Author: | |
|---|---|
| Format: | Book Chapter |
| Language: | Slovak |
| Subjects: | |
| Tags: |
No Tags, Be the first to tag this record!
|
MARC
| LEADER | 00000naa a2200000 4500 | ||
|---|---|---|---|
| 001 | r028076 | ||
| 005 | 20230824093309.9 | ||
| 041 | 0 | |a slo | |
| 044 | |a SK | ||
| 245 | 1 | 0 | |a Úverovanie poľnohospodárstva |c Milan Štefanovič |
| 520 | |a Úver ako významný zdroj získavania finančných prostriedkov na agropodnikanie. Opatrenia na pomoc poľnohospodárstvu na Slovensku a vo svete. Centralizácia podpory poľnohospodárstva zo štátnych fondov. Úloha Štátneho fondu trhovej regulácie. Vládne financovanie investícií do poľnohospodárstva a potravinárstva. Návrh novelizácie zákona o cenných papieroch, ktorý umožní poľnohospodárstvu získať peniaze na zabezpečenie záväzkov. Návrh na vydanie samostatného družstevného kódexu. | ||
| 610 | 2 | 0 | |a poľnohospodárstvo |
| 610 | 2 | 0 | |a podnikanie |
| 610 | 2 | 0 | |a Slovensko |
| 610 | 2 | 0 | |a úver bankový |
| 610 | 2 | 0 | |a Štátny fond trhovej regulácie |
| 610 | 2 | 0 | |a investovanie |
| 610 | 2 | 0 | |a potravinárstvo |
| 610 | 2 | 0 | |a zákony |
| 610 | 2 | 0 | |a Slovensko |
| 610 | 2 | 0 | |a papiere cenné |
| 610 | 2 | 0 | |a družstevníctvo |
| 610 | 2 | 0 | |a kódexy |
| 100 | 1 | |a Štefanovič, Milan | |